Kế hoạch hành động tái định cư

שמור ב:
מידע ביבליוגרפי
מחבר תאגידי: Dự án bảo vệ và Phát triển vùng ngập nước ven biển Đồng Bằng Sông Cửu Long
פורמט: ספר
שפה:Undetermined
יצא לאור: BMB 1998
נושאים:
תגים: הוספת תג
אין תגיות, היה/י הראשונ/ה לתייג את הרשומה!
Thư viện lưu trữ: Trung tâm Học liệu Trường Đại học Cần Thơ
LEADER 00684nam a2200169Ia 4500
001 CTU_124695
008 210402s9999 xx 000 0 und d
082 |a 363.7 
082 |b D550 
110 |a Dự án bảo vệ và Phát triển vùng ngập nước ven biển Đồng Bằng Sông Cửu Long 
245 0 |a Kế hoạch hành động tái định cư 
245 0 |c Dự án bảo vệ và Phát triển vùng ngập nước ven biển Đồng Bằng Sông Cửu Long 
260 |b BMB 
260 |c 1998 
650 |a Environmental protection 
904 |i M.Loan 
980 |a Trung tâm Học liệu Trường Đại học Cần Thơ